Т. 2; Труды Всесоюзного совещания по ускорителям заряженных частиц, Москва, 9-16 октября 1968 г.

Podrobná bibliografie
Parent link:Труды Всесоюзного совещания по ускорителям заряженных частиц, Москва, 9-16 октября 1968 г./ Академия наук СССР ; под ред. А. А. Васильева. Т. 2.— , 1970
Jazyk:ruština
Vydáno: 1970
Témata:
Médium: Kniha
KOHA link:https://koha.lib.tpu.ru/cgi-bin/koha/opac-detail.pl?biblionumber=233304

MARC

LEADER 00000nam2a2200000 4500
001 233304
005 20231101231234.0
035 |a (RuTPU)RU\TPU\book\254380 
035 |a RU\TPU\book\181237 
090 |a 233304 
100 |a 20130301d1970 k y0rusy50 ca 
101 0 |a rus 
102 |a RU 
105 |a a z 101zy 
200 0 |a Т. 2 
210 |d 1970 
215 |a 596 с.  |c ил. 
320 |a Библиогр. в конце докл. 
320 |a Именной указатель: с. 582-595. 
461 1 |0 (RuTPU)RU\TPU\book\181237  |t Труды Всесоюзного совещания по ускорителям заряженных частиц, Москва, 9-16 октября 1968 г.   |f Академия наук СССР ; под ред. А. А. Васильева  |v Т. 2  |d 1970 
606 1 |a Ускорители заряженных частиц  |x (ядерная физика)  |2 stltpush  |3 (RuTPU)RU\TPU\subj\71272  |9 85241 
610 1 |a конференции 
610 1 |a радиотехнические устройства 
610 1 |a ускоряющие элементы 
610 1 |a ускоряющие системы 
610 1 |a методы ускорения 
610 1 |a бетатроны 
610 1 |a технологические системы 
675 |a 539.1.07(063)  |v 3 
675 |a 621.384.6(063)  |v 3 
801 1 |a RU  |b 63413507  |c 20091012 
801 2 |a RU  |b 63413507  |c 20151019  |g RCR 
942 |c BK